000 00617nam a2200205Ii 4500
001 16449
003 CO-ViMGA
008 241108s9999||||xx |||||||||||||| ||und||
020 _a9789588596570
040 _aCO-ViMGA
_bspa
_erda
_cCO-ViMGA
041 0 _aunk
084 _aP ANT23
245 1 0 _aUna antología
264 1 _a[Lugar de publicación no identificado] : Caza de Libros, [Fecha de publicación no identificada]
300 _avolumen
336 _atext
_btxt
_2rdacontent
337 _aunmediated
_bn
_2rdamedia
338 _avolume
_bnc
_2rdacarrier
940 _aidficha_siabuc: 16118. -- ficha_no_siabuc:16449
999 _c55701
_d55701